000 00977nam a2200253Ia 4500
008 130821s2007 sp a gr spa
020 _a9788493558352
040 _aCo-BoUCM
_bspa
041 0 0 _aspa
060 0 0 _aWK 810
245 1 0 _aDiabetes mellitus guia para el manejo del paciente
_cH.Nancy Holmes...[et at.].,editores ; traducción de Celcer Soluciones,S.L
260 _aBarcelona (España)
_bWolters Kluwer
_c2007
300 _aix, 278 páginas
_bilustraciones, gráficas
504 _aIncluye referencias bibliográficas e índice.
650 0 4 _aAzúcar en el organismo
_99880
650 0 4 _aDiabetes
_xTratamiento y control
_913121
650 0 4 _aEndocrinología
_9183
700 1 _aHomes, H. Nancy
_9167697
700 1 _aRobinson, Joan M.
_9167698
700 1 _aTscheschlong, Bererly Ann
_9167699
710 1 _aCelser Soluciones,S.L.
_etrad.
_9167700
765 _tDiabetes mellitus. a guide to patient care
942 _cLIBRO
_a15
_e1
_mD536
_2NLM
_hWK 810
_n0
999 _c70570
_d70570